|
|
|
|
| LEADER |
00751pam a22002298a 4500 |
| 001 |
00019298 |
| 005 |
20171026081022.0 |
| 008 |
110506s1980 ||||||Viesd |
| 041 |
0 |
# |
|a Vie
|
| 082 |
1 |
4 |
|a 895.922 33
|b B105M
|
| 100 |
0 |
# |
|a Bùi Bình Thi
|
| 245 |
0 |
0 |
|a Ban mai
|b tiểu thuyết
|c Bùi Bình Thi
|
| 260 |
# |
# |
|a H.
|b Quân đội nhân dân
|c 1980
|
| 300 |
# |
# |
|a 370 tr.
|c 20 cm.
|
| 650 |
# |
4 |
|a Tiểu thuyết
|
| 650 |
# |
4 |
|a Văn học hiện đại
|
| 653 |
# |
# |
|a Việt Nam
|
| 852 |
# |
# |
|b Kho mượn
|j KM.0005908, KM.0005909
|
| 852 |
# |
# |
|b Kho đọc
|j KD.0005269
|
| 852 |
# |
# |
|j KM.0005908
|j KD.0005269
|j KM.0005909
|
| 910 |
|
|
|d 06/05/2011
|
| 980 |
# |
# |
|a Trung tâm Học liệu Lê Vũ Hùng, Trường Đại học Đồng Tháp
|